000 00632nam a2200277Ia 4500
005 20260324115223.0
008 008 260324s9999 xx 000 0 eng d
020 _a9780429488672
037 _aEBOOK
040 _aCRL
040 _beng
040 _cCRL
041 _2eng
041 _aeng
084 _qCRL
100 _aMirza I. Bichurin
_91153826
245 0 _aMagnetoelectric Composites
260 _bTaylor and Francis
260 _c2019
365 _a
365 _b240
856 _uhttp://www.taylorfrancis.com/books/9780429488672
942 _cEBOOK
999 _c1744552
_d1744552